Who's That Greek God? Quiz Stats

 Plays Quiz Updated Jan 4, 2017

Support Sporcle.
Go Orange.
Score 0/15 Timer 02:00
5 Plays Today
Question Answer Wrong Answers
God of the sea Poseidon
92.8%
Apollo
0.9%
Dionysus
0.6%
Hera
0.4%
Goddess of love and beauty Aphrodite
90.9%
Hestia
0.9%
Hera
1.7%
Artemis
1.1%
God of the underworld Hades
90.3%
Zeus
1.6%
Hephaestus
1.5%
Ares
1.3%
God of the sky and lightning Zeus
84.6%
Poseidon
1.8%
Hades
1.2%
Cronus
7.1%
God of wine Dionysus
83.7%
Hermes
3.8%
Hephaestus
6.1%
Hades
1%
God of war Ares
79.5%
Hephaestus
1.5%
Zeus
9%
Cronus
4.6%
Goddess of wisdom Athena
75.3%
Hera
7.9%
Hestia
6.9%
Aphrodite
4.5%
God of fire and metalworking Hephaestus
69.8%
Hades
9.7%
Ares
8.6%
Apollo
6.5%
Goddess of agriculture Demeter
69.1%
Persephone
9.4%
Hera
8%
Artemis
8%
Goddess of marriage and childbirth Hera
66.7%
Persephone
10.6%
Artemis
5.1%
Athena
12.1%
Goddess of the hunt Artemis
64.1%
Demeter
8.2%
Hestia
6.1%
Athena
16.2%
Goddess of springtime Persephone
62.8%
Demeter
18.4%
Hera
6.2%
Artemis
7%
God of commerce and thieves Hermes
60.6%
Hephaestus
17.2%
Hades
6.4%
Dionysus
10.3%
Goddess of family and the hearth Hestia
60.2%
Hera
20.8%
Aphrodite
5.5%
Persephone
8%
God of music and medicine Apollo
59.8%
Dionysus
19%
Zeus
1.3%
Artemis
14.5%

You're not logged in!

Compare scores with friends on all Sporcle quizzes.
OR
Log In
Forgot?

From the Vault

Ruined By A Letter: Fairytales

by samc67

What do fairy tale authors have against wolves?
Remove Ads.
Support Sporcle.
Get the best of Sporcle when you Go Orange. This ad-free experience offers more features, more stats, and more fun while also helping to support Sporcle. Thank you for becoming a member.

Show Comments

Extras

Top Quizzes Today


Score Distribution

Your Account Isn't Verified!

In order to create a playlist on Sporcle, you need to verify the email address you used during registration. Go to your Sporcle Settings to finish the process.

Report this User

Report this user for behavior that violates our Community Guidelines.

Details: